000 00787nam a2200265Ia 4500
003 OSt
005 20221006142321.0
006 a|||||r|||| 00| 0
007 ta
008 221006b |||||||| |||| 00| 0 eng d
020 _a0415071380
_cP50.00
024 _a6,047
037 _cTextual
040 _aEASL
_cEASL
_beng
041 _2eng
_aeng
082 _aV42:191.N91, N2
100 _aHOOK Glenn D Ed.
_9322276
245 0 _aInternationalization of Japan
260 _aLondon
_bRoutledge
_c1992
300 _a325p.
_ccm.
490 _v JEL
_aSheffield Centre for Japanese Studies/Routledge Series
700 _a WEINER Michael A Ed.
_9647383
942 _hV42:191.N91, N2
_cTEXL
_2CC
999 _c1074133
_d1074133